Guess the Taylor Swift song with no hint 92 - Statistics

General Stats
  • This quiz has been taken 951 times
  • The average score is 326 of 420
Answer Stats
Answer % Correct
I
99%
ya
99%
ya?
99%
You
99%
you
99%
a
96%
me
95%
the
95%
And
91%
and
91%
do
91%
in
91%
your
91%
it
90%
we
90%
my
89%
can
88%
to
88%
if
86%
on
86%
see
86%
what
85%
What
85%
would
83%
they
82%
They
82%
So
81%
Then
81%
don't
80%
it's
80%
That
79%
that
79%
But
77%
for
77%
like
76%
uh
76%
uh)
76%
Uh-uh
76%
(Uh-uh
76%
know
75%
never
75%
Oh
75%
oh
75%
Oh-oh
75%
with
75%
as
73%
could
73%
not
73%
us
73%
I've
72%
ever
71%
now?
71%
up
71%
knew?
70%
'Cause
69%
hall
67%
out?
67%
down
66%
think
65%
baby
64%
been
64%
from
63%
made
63%
only
62%
found
59%
went
59%
yeah
59%
Wait
57%
touch
56%
against
55%
tell
55%
time
55%
wall
55%
won't
55%
everything
53%
hallway
53%
sound?
53%
want
53%
will
53%
"Meet
52%
things
52%
head
51%
keep
50%
past
50%
secret
50%
haven't
48%
kiss
48%
waitin'
48%
brush
47%
mission
47%
saying
47%
somethin'
47%
tonight"
47%
even
46%
eyes
46%
quiet
46%
watchin'
46%
being
45%
suit
45%
'til
45%
ages
44%
best
44%
necktie
44%
note
44%
yet
44%
addiction
43%
feel
43%
kept
43%
happened
42%
inside
42%
make
42%
professional
42%
tryin'
42%
half
41%
more
41%
away
40%
myself
40%
Passed
40%
believe
39%
something's
38%
behaving
36%
changed
36%
floor
36%
move
36%
spend
36%
fast
35%
start
34%
Hide
33%
waiting
33%
jacket
31%
watchful
27%
throw
24%
No matching quizzes found
Score Distribution
Percent of People with Each Score
Percentile by Number Answered
Your Score History
You have not taken this quiz